Name the city I - Statistics

General Stats
  • This quiz has been taken 3 times
  • The average score is 4 of 20
Answer Stats
Picture Answer % Correct
Prague
100%
Los Angeles
67%
Beirut
33%
Bremen
33%
Brussels
33%
Buenos Aires
33%
Casablanca
33%
Phoenix
33%
Reykjavik
33%
Thessaloniki
33%
Bordeaux
0%
Cork
0%
Jakarta
0%
Kigali
0%
Mexico city
0%
Perth
0%
Rovaniemi
0%
Sapporo
0%
Vancouver
0%
Yekaterinburg
0%
No matching quizzes found
Score Distribution
Percent of People with Each Score
Percentile by Number Answered
Your Score History
You have not taken this quiz